| 000 | 01001nam a2200253Ia 4500 | ||
|---|---|---|---|
| 001 | 10741 | ||
| 003 | GE_BSU | ||
| 008 | 181216s||||||||xx |||||||||||||| ||und|| | ||
| 020 | _a9992849118 | ||
| 040 | _cGE_BSU | ||
| 080 | _a343.132(075.8) | ||
| 100 | _aფაფიაშვილი,შოთა; ინაიშვილი,თემურ. | ||
| 245 | _aშემთხვევის ადგილის დათვალიერება. | ||
| 245 | _bსახელმძღვ.იურიდ.ფაკ–ტის სტუდ. | ||
| 245 | _cრედ.ტარიელ ქათამაძე. | ||
| 260 | _aბათუმი. | ||
| 260 | _bიურიდიული ლიტერატურა". | ||
| 260 | _c2002. | ||
| 300 | _a138გვ;19სმ. | ||
| 300 | _eსურ;ბიბლიოგრ:გვ.133–134. | ||
| 541 | _h11ლ.90თ. | ||
| 653 | _aშემთხვევის ადგილის დათვალიერება. | ||
| 942 | _cBK | ||
| 999 |
_c43991 _d43991 |
||